| 000 | 00000nas##2200000za#4500 |
| 001 | 9.511913 |
| 003 | CaOODSP |
| 005 | 20200325132843 |
| 007 | co ||||||||||| |
| 008 | 150406c2010||||xxc|| p q||||f| |0fre|d |
| 040 | |aCaOODSP|bfre |
| 041 | |aeng |
| 041 | |afre |
| 043 | |an-cn--- |
| 086 | 1 |aHS1-2-MRC |
| 110 | 1 |aCanada. |bRessources humaines et développement des compétences Canada. |
| 245 | 10|aAssurance-emploi, rapport de contrôle et d'évaluation / |h[ressource électronique]|cPréparé par Politique et Conception des programmes d'emploi, Politique de l'assurance-emploi. |
| 260 | |aGatineau - Québec : |bRessources humaines et Développement des compétences Canada |
| 310 | |aAnnuel |
| 500 | |aAccompagne la version compacte de l'édition imprimée (HS1-2/1-*). Comprend la version pdf des annexes, et le rapport complet (avec les annexes) en pdf. |
| 776 | 0#|tAssurance-emploi : |w(CaOODSP)9.502296 |
| 776 | 0#|tAssurance-emploi, rapport de contrôle et d'évaluation / |w(CaOODSP)9.513978 |
| 776 | 0#|tEmployment insurance, monitoring and assessment report / |w(CaOODSP)9.515657 |
| 791 | |tEmployment insurance, monitoring and assessment report / |eeng|w(CaOODSP)9.511912 |